Internet & World Wide Web : (Record no. 17344)
[ view plain ]
| 000 -LEADER | |
|---|---|
| fixed length control field | 01175pam a2200337 a 4500 |
| 001 - CONTROL NUMBER | |
| control field | 015868686 |
| 003 - CONTROL NUMBER IDENTIFIER | |
| control field | Uk |
| 005 - DATE AND TIME OF LATEST TRANSACTION | |
| control field | 20130311130106.0 |
| 008 - FIXED-LENGTH DATA ELEMENTS--GENERAL INFORMATION | |
| fixed length control field | 110810s2012 maua 001 0 eng d |
| 020 ## - INTERNATIONAL STANDARD BOOK NUMBER | |
| International Standard Book Number | 0273764020 (pbk.) |
| 020 ## - INTERNATIONAL STANDARD BOOK NUMBER | |
| International Standard Book Number | 9780273764021 (pbk.) |
| 082 04 - DEWEY DECIMAL CLASSIFICATION NUMBER | |
| Classification number | 006.76 |
| Edition number | 23 |
| Item number | DEI |
| 100 1# - MAIN ENTRY--PERSONAL NAME | |
| Personal name | Deitel, Paul J. |
| 9 (RLIN) | 32787 |
| 245 10 - TITLE STATEMENT | |
| Title | Internet & World Wide Web : |
| Remainder of title | How to Program / |
| Statement of responsibility, etc | Paul J. Deitel. |
| 250 ## - EDITION STATEMENT | |
| Edition statement | 5th ed., International ed. / |
| Remainder of edition statement | Paul Deitel, Harvey Deitel, Abbey Deitel ; international ed. contributions by Soumen Mukherjee, Arup Kumar Bhattacharjee. |
| 260 ## - PUBLICATION, DISTRIBUTION, ETC. (IMPRINT) | |
| Place of publication, distribution, etc | Boston, [Mass.] ; |
| -- | London : |
| Name of publisher, distributor, etc | Pearson, |
| Date of publication, distribution, etc | c2012. |
| 300 ## - PHYSICAL DESCRIPTION | |
| Extent | 955 p. : |
| Other physical details | ill. ; |
| Dimensions | 24 cm. |
| 490 0# - Series Statement | |
| Series statement | How to program series |
| 500 ## - GENERAL NOTE | |
| General note | Previous ed.: 2008. |
| 500 ## - GENERAL NOTE | |
| General note | Includes Internet access. |
| 500 ## - GENERAL NOTE | |
| General note | Text on inside front cover. |
| 500 ## - GENERAL NOTE | |
| General note | Includes index. |
| 650 #0 - SUBJECT ADDED ENTRY--TOPICAL TERM | |
| Topical term or geographic name as entry element | Internet programming. |
| 9 (RLIN) | 32788 |
| 650 #0 - SUBJECT ADDED ENTRY--TOPICAL TERM | |
| Topical term or geographic name as entry element | World Wide Web. |
| 9 (RLIN) | 32789 |
| 653 ## - INDEX TERM--UNCONTROLLED | |
| Resource For college | |
| Arrived date list | March2013 |
| 700 1# - ADDED ENTRY--PERSONAL NAME | |
| Personal name | Deitel, Harvey M., |
| Dates associated with a name | 1945- |
| 9 (RLIN) | 32790 |
| 700 1# - ADDED ENTRY--PERSONAL NAME | |
| Personal name | Deitel, Abbey. |
| 9 (RLIN) | 32791 |
| 700 1# - ADDED ENTRY--PERSONAL NAME | |
| Personal name | Mukherjee, Soumen. |
| 9 (RLIN) | 32792 |
| 700 1# - ADDED ENTRY--PERSONAL NAME | |
| Personal name | Bhattacharjee, Arup Kumar. |
| 9 (RLIN) | 32793 |
| 942 ## - ADDED ENTRY ELEMENTS (KOHA) | |
| Source of classification or shelving scheme | Dewey Decimal Classification |
| Item type | Book - Borrowing |
| Withdrawn status | Item status | Source of classification or shelving scheme | Damaged status | Not for loan | Vendor | Home library | Current library | Shelving location | Date acquired | Source of acquisition | Total Checkouts | Full call number | Barcode | Date last seen | Koha item type | Total Renewals | Date last borrowed | Cost, normal purchase price | Cost, replacement price |
|---|---|---|---|---|---|---|---|---|---|---|---|---|---|---|---|---|---|---|---|
| Dewey Decimal Classification | Baccah | Central Library | Central Library | Lower Floor | 11/03/2013 | 006.76 DEI | 000028436 | 15/07/2025 | NB - Book (Non borrowing) | ||||||||||
| Dewey Decimal Classification | Baccah | Central Library | Central Library | Lower Floor | 11/03/2013 | 8 | 006.76 DEI | 000028437 | 15/07/2025 | Book - Borrowing | 46 | 05/02/2018 | |||||||
| Dewey Decimal Classification | Baccah | Central Library | Central Library | Lower Floor | 11/03/2013 | 4 | 006.76 DEI | 000028438 | 15/07/2025 | Book - Borrowing | 51 | 05/02/2018 | |||||||
| Dewey Decimal Classification | Baccah | Central Library | Central Library | Lower Floor | 11/03/2013 | Purchase | 7 | 006.76 DEI | 000028439 | 15/07/2025 | Book - Borrowing | 88 | 06/02/2017 | 600.00 | 750.00 |